书目信息 |
| 题名: |
电算化基础与电算化软件
|
|
| 作者: | 吴清萍 主编 | |
| 分册: | ||
| 出版信息: | 北京 电子工业出版社 1996.01 |
|
| 页数: | 378页 | |
| 开本: | 16开 | |
| 丛书名: | ||
| 单 册: | ||
| 中图分类: | TP39:F | |
| 科图分类: | ||
| 主题词: | 计算机应用 | |
| 电子资源: | ||
| ISBN: | 7-5053-3195-7 | |
| 000 | 00577nam0 2200193 45 | |
| 001 | 0006180933 | |
| 005 | 20000618093248.9 | |
| 010 | @a7-5053-3195-7@d30.00元 | |
| 100 | @a20000618d1996 km y0chiy0120 ea | |
| 101 | 0 | @achi |
| 105 | @a z 000yy | |
| 200 | 1 | @a电算化基础与电算化软件@ADian Suan Hua Ji Chu Yu Dian Suan Hua Ruan Jian@f吴清萍主编@FWu Qing Ping Zhu Bian |
| 210 | @a北京@c电子工业出版社@d1996.01 | |
| 215 | @a378页@d16开 | |
| 606 | 0 | @a计算机应用 |
| 690 | @aTP39:F@v3 | |
| 701 | 0 | @a吴清萍@4主编 |
| 801 | @aCN@bPftUser@c20000618 | |
| 905 | @b207599@dTP39:F@eW692@f1 | |
| 电算化基础与电算化软件/吴清萍主编.-北京:电子工业出版社,1996.01 |
| 378页;16开 |
| ISBN 7-5053-3195-7:30.00元 |
| ● |
| 相关链接 |
|
|
|
正题名:电算化基础与电算化软件
索取号:TP39:F/W692
 
预约/预借
| 序号 | 登录号 | 条形码 | 馆藏地/架位号 | 状态 | 备注 |
| 1 | 207599 | 202075994 | 自科二线504/504自科库 31排4列1层/ [索取号:TP39:F/W692] | 在馆 |